| 000 | 00904nam a22002297a 4500 | ||
|---|---|---|---|
| 999 |
_c65683 _d65683 |
||
| 005 | 20240530110838.0 | ||
| 008 | 191202s2006 ua a f b 000 0 ara d | ||
| 017 |
_a2006/10486 _bمصر. دار الكتب |
||
| 020 | _a9773059103 | ||
| 040 |
_aEG-CaGPL _cEG-CaGPL |
||
| 082 |
_221 _a913.031 _bق/م م |
||
| 110 | 0 | _aالمجلس الاعلى للاثار | |
| 245 | 1 | 0 |
_aمشكاة المجلة المصرية للاثار الاسلامية / _cالمجلس الاعلى للاثار |
| 260 |
_aالقاهرة : _bالمجلس الاعلى للاثار، _c2006 |
||
| 300 |
_a2 جزء: _bايض . ؛ _c26 سم . |
||
| 504 | _aيشمل على ارجاعات ببليوجرافية | ||
| 650 | 0 | 7 |
_2qrmak _aالعالم الاسلامى |
| 650 | 0 | 7 |
_aمتحف الفن الاسلامى _zالقاهرة _2qrmak |
| 651 | _2qrmak | ||
| 942 |
_2ddc _cBK |
||